[Event "Loire-ch Top20 0506"]
[Site "Loire"]
[Date "2005.12.10"]
[Round "4"]
[White "Massard, Christian"]
[Black "Poncet, Alain"]
[Result "0-1"]
[WhiteElo "1960"]
[BlackElo "1942"]
[PlyCount "50"]
[EventDate "2005.10.08"]
[EventType "swiss"]
[EventRounds "6"]
[EventCountry "FRA"]
[SourceTitle "EXT 2008"]
[Source "ChessBase"]
[SourceDate "2007.11.25"]
[SourceVersion "1"]
[SourceVersionDate "2007.11.25"]
[SourceQuality "1"]

1. g3 e5 2. c4 Bc5 3. Bg2 Ne7 4. Nc3 a6 5. Nf3 Nbc6 6. 0-0 d6 7. e3 Bg4 8. a3 0-0 9. d3 Qd7 10. b4 Ba7 11. Qc2 Rae8 12. Bb2 Qf5 13. Nd2 Qg6 14. Nd5 Nxd5 15. Bxd5 Nd8 16. Rac1 c6 17. Bf3 f5 18. b5 f4 19. exf4 Bxf3 20. Nxf3 exf4 21. Rce1 Rxe1 22. Rxe1 fxg3 23. hxg3 Qxg3+ 24. Kf1 Qxf3 25. d4 Qh1+ 0-1

[Event "FRA-chT3 Gr12 0304"]
[Site "Loire"]
[Date "2004.01.18"]
[Round "4.3"]
[White "Vernay, Denis"]
[Black "Massard, Christian"]
[Result "1/2-1/2"]
[WhiteElo "1931"]
[BlackElo "1830"]
[PlyCount "89"]
[EventDate "2003.10.12"]
[EventType "team"]
[EventRounds "9"]
[EventCountry "FRA"]
[SourceTitle "EXT 2008"]
[Source "ChessBase"]
[SourceDate "2007.11.25"]
[SourceVersion "1"]
[SourceVersionDate "2007.11.25"]
[SourceQuality "1"]

1. c4 Nf6 2. Nf3 g6 3. d4 Bg7 4. g3 0-0 5. Bg2 c6 6. Nc3 d5 7. cxd5 Nxd5 8. 0-0 Bf5 9. a3 Nxc3 10. bxc3 Be4 11. Qb3 Qc8 12. Be3 Na6 13. Rad1 Nc7 14. Ne1 Bxg2 15. Nxg2 Nd5 16. Bc1 Nf6 17. Nf4 Rd8 18. Nd3 Qh3 19. f3 Nh5 20. Nf2 Qc8 21. Ne4 Nf6 22. Kg2 Nxe4 23. fxe4 e6 24. Bg5 Rd7 25. Bf6 c5 26. d5 c4 27. Qb5 exd5 28. Rxd5 Rxd5 29. Qxd5 Qe6 30. Bxg7 Kxg7 31. Rb1 Re8 32. Qxe6 Rxe6 33. Rxb7 Ra6 34. Rc7 Rxa3 35. Rxc4 a5 36. Kf3 a4 37. Ke3 Ra2 38. Rc6 a3 39. Ra6 Ra1 40. c4 h5 41. c5 Rc1 42. Kd4 Ra1 43. Kd5 a2 44. Kc6 Kf6 45. Kd7+ 1/2-1/2